000 00302 a2200109 4500
001 ART_6694
005 20260410161620.0
008 260409a
245 1 0 _aNIIF 9- Instrumentos financieros
100 1 _aGarcía Fronti, Inés M.
773 0 _tEnfoques
_g- Nº 1 (ene. 2010)
_wREV416
999 _c11494
_d11494